Top Trumps Star Wars IV-VI Quiz Stats

 Plays Quiz not verified by Sporcle

Challenge
Share
Tweet
Embed
Score 0/36 Timer 10:00
0 Plays Today
% Correct
Luke Skywalker
92.9%
Princess Leia
91.1%
Han Solo
89.3%
Darth Vader
89.3%
R2-d2
83.9%
C-3PO
82.1%
Jabba the Hutt
80.4%
Emperor Palpatine
78.6%
Obi-Wan Kenobi
76.8%
Chewbacca
76.8%
Yoda
73.2%
Lando Calrissian
73.2%
Boba Fett
71.4%
Imperial Stormtrooper
62.5%
Admiral Ackbar
60.7%
Wedge Antilles
44.6%
Greedo
42.9%
Mon Mothma
41.1%
% Correct
Wicket W Warrick
41.1%
Jawa
39.3%
Bib Fortuna
35.7%
Bossk
33.9%
Salacious Crumb
32.1%
Tusken Raider
26.8%
Height
25%
Nien Nunb
23.2%
Wampa
23.2%
Admiral Ozzel
23.2%
Ponda Baba
19.6%
Dark Side
19.6%
Emperor's Royal Guard
17.9%
Brains
17.9%
Jedi Powers
17.9%
Battle Skills
17.9%
Force Factor
17.9%
Momaw Nadon
12.5%

You're not logged in!

Compare scores with friends on all Sporcle quizzes.
Join for Free
OR
Log In

You Might Also Like...

Show Comments

Extras

Created Jun 25, 2014ReportNominate
Tags:Star Wars Quiz

Top Quizzes Today


Score Distribution

Your Account Isn't Verified!

In order to create a playlist on Sporcle, you need to verify the email address you used during registration. Go to your Sporcle Settings to finish the process.

Report this User

Report this user for behavior that violates our Community Guidelines.

Details: